[Event "GER-chT Christmas U20"]
[Site "Playchess.com INT"]
[Date "2020.12.29"]
[Round "5.4"]
[White "Jessen, Mathilde"]
[Black "El Sewisy, Aiman"]
[Result "0-1"]
[WhiteElo "1156"]
[BlackElo "893"]
[PlyCount "52"]
[EventDate "2020.12.29"]
[EventType "team-swiss (blitz)"]
[EventRounds "7"]
[EventCountry "GER"]
[SourceTitle "CBM 200 Extra"]
[Source "ChessBase"]
[SourceDate "2021.03.31"]
[SourceVersion "1"]
[SourceVersionDate "2021.03.31"]
[SourceQuality "1"]
[WhiteTeam "Dresden Striesen"]
[BlackTeam "Aschheim/Feldkirchen/Kirchheim"]
[WhiteTeamCountry "GER"]
[BlackTeamCountry "GER"]

1. e4 c5 2. Nf3 Nc6 3. b3 g6 4. Bb2 Nf6 5. e5 Nh5 6. e6 f6 7. exd7+ Bxd7 8. Bc4 Qc7 9. Qe2 0-0-0 10. 0-0 Bf5 11. d3 Bg4 12. Be6+ Bxe6 13. Qxe6+ Kb8 14. Ng5 Nb4 15. Rc1 Rd6 16. Qe2 e5 17. Nf3 Qd7 18. a3 Nd5 19. Nc3 Ndf4 20. Qf1 Qg4 21. Ne2 Nxe2+ 22. Qxe2 Nf4 23. Qf1 h5 24. Re1 h4 25. Nxh4 Qxh4 26. Re4 Qxh2# 0-1